| 000 | 00438 a2200145 4500 | ||
|---|---|---|---|
| 001 | ART_46677 | ||
| 005 | 20260410162039.0 | ||
| 008 | 260409a | ||
| 245 | 1 | 0 | _aLa riqueza regalada a la gran minería del cobre en Chile |
| 100 | 1 | _aSturla Zerene, Gino | |
| 700 | 1 | _aLópez, Ramón E. | |
| 700 | 1 | _aAccorsi O., Simón | |
| 700 | 1 | _aFigueroa B., Eugenio | |
| 773 | 0 |
_tRevista Cepal _g- Nº 124 (abr. 2018) _wREV45125 |
|
| 999 |
_c34756 _d34756 |
||